00000000nam 2200000zi 4500
0019.942509
003CaOODSP
00520250812084532
006m     o  d f      
007cr |n|||||||||
008240828e202409  quca    o    f000 0 fre d
020 |a9780660733593
040 |aCaOODSP|bfre|erda|cCaOODSP
043 |an-cn---
0861 |aP4-150/2024F-PDF
24503|aLa science en toute conscience : |ble cadre de conception reproductible de laboratoires de laboratoires Canada.
264 1|a[Gatineau, Québec] : |bServices publics et Approvisionnement Canada = Public Services and Procurement Canada, |cseptembre 2024.
264 4|c©2024
300 |a1 ressource en ligne (35 pages) : |billustrations (principalement en couleur)
336 |atexte|btxt|2rdacontent/fre
337 |ainformatique|bc|2rdamedia/fre
338 |aressource en ligne|bcr|2rdacarrier/fre
500 |aPublié aussi en anglais sous le titre : Science by design: Laboratories Canada's repeatable laboratory design framework.
650 6|aLaboratoires|zCanada|xConception et construction.
7101 |aCanada. |bServices publics et approvisionnement Canada, |eorganisme de publication.
77508|tScience by design : |w(CaOODSP)9.942507
7760#|t[FRENCH -- Science by design: Laboratories Canada’s Repeatable Laboratory Design FrameworkLe calculateur d'empreinte carbone des services professionnels]|w(CaOODSP)9.942510
85640|qPDF|s11.8 Mo|uhttps://publications.gc.ca/collections/collection_2025/spac-pspc/P4-150-2024-fra.pdf